| 000 | 00415nam a2200181Ia 4500 | ||
|---|---|---|---|
| 005 | 20250603145030.0 | ||
| 008 | 250603s9999 xx 000 0 und d | ||
| 020 | _a81-207-2797-5 | ||
| 050 | _aG 73 .V37/ | ||
| 100 | _aVarma, O. P. | ||
| 245 | 0 | _aGeography teaching | |
| 260 | _aNew Delhi | ||
| 260 | _bSterling Publisher Private | ||
| 260 | _c2007 | ||
| 300 | _a342 p | ||
| 650 | _aNew Delhi | ||
| 942 | _cBK | ||
| 999 |
_c40667 _d40667 |
||